[Event "1. Bundesliga 2018/2019"]
[Site "St. Veit an der Glan"]
[Date "2018.11.15"]
[Round "1"]
[Board "1"]
[White "Lizak, Peter"]
[Black "Bindrich, Falko"]
[Result "0-1"]
[WhiteElo "2472"]
[BlackElo "2609"]
[PlyCount "102"]
[EventDate "2018.11.15"]
[EventType "team"]
[EventRounds "11"]
[EventCountry "AUT"]
[WhiteTeam "Data Technology Pressbaum"]
[BlackTeam "SK Hohenems"]

1.d4 Nf6 2.Nf3 d5 3.Bf4 e6 4.e3 Bd6 5.Bg3 O-O 6.Nbd2 c5 7.c3 Qc7 8.dxc5 Qxc5 9.Bd3
Rd8 10.Qc2 Bxg3 11.hxg3 h6 12.e4 dxe4 13.Nxe4 Nxe4 14.Bxe4 Nc6 15.O-O Bd7 16.Rfd1
Be8 17.Qb3 Na5 18.Qb4 Qxb4 19.cxb4 Bc6 20.Bd3 Bxf3 21.gxf3 Nc6 22.a3 f5 23.Rac1 Rd6
24.Bc4 Rad8 25.Re1 Kf7 26.Kg2 Kf6 27.Ba2 g5 28.Rh1 Kg6 29.Rhe1 Nd4 30.Rc7 R6d7 31.Rc3
Kf6 32.Rh1 Rh8 33.Re3 e5 34.Rc1 h5 35.Rc5 g4 36.Rcxe5 Nxf3 37.Rd5 Rhd8 38.Rc5 Rd1
39.Rxf3 gxf3+ 40.Kxf3 R1d3+ 41.Kg2 Rd2 42.Rc3 Rxb2 43.Bb3 Rd4 44.Rf3 Rbd2 45.Re3 f4
46.Re6+ Kf5 47.Re8 fxg3 48.Be6+ Kf6 49.Kxg3 Re4 50.Bd7 Rxe8 51.Bxe8 Rd3+ 0-1

[Event "1. Bundesliga 2018/2019"]
[Site "St. Veit an der Glan"]
[Date "2018.11.15"]
[Round "1"]
[Board "2"]
[White "Martinovic, Sasa"]
[Black "Videki, Sandor"]
[Result "1/2-1/2"]
[WhiteElo "2555"]
[BlackElo "2380"]
[PlyCount "202"]
[EventDate "2018.11.15"]
[EventType "team"]
[EventRounds "11"]
[EventCountry "AUT"]
[WhiteTeam "SK Hohenems"]
[BlackTeam "Data Technology Pressbaum"]

1.d4 d5 2.c4 c6 3.Nc3 Nf6 4.e3 e6 5.Nf3 Nbd7 6.Be2 Bd6 7.O-O O-O 8.b3 b6 9.Bb2 Bb7
10.Qc2 Qe7 11.Rac1 Rac8 12.Rfd1 Rfd8 13.Bf1 e5 14.dxe5 Nxe5 15.Nd4 dxc4 16.Nf5 Qe6
17.Nxd6 Rxd6 18.Rxd6 Qxd6 19.bxc4 Neg4 20.g3 Qe6 21.c5 Rd8 22.Rd1 Rxd1 23.Qxd1 Qd7
24.Bh3 Bc8 25.cxb6 axb6 26.Qxd7 Bxd7 27.Na4 Ne5 28.Bxe5 Bxh3 29.Bxf6 b5 30.Bxg7 bxa4
31.Bb2 Be6 32.a3 f5 33.Kg2 Bd5+ 34.Kh3 Kf7 35.g4 Kg6 36.Kg3 Be6 37.h3 fxg4 38.hxg4
h5 39.gxh5+ Kxh5 40.Kf4 Kg6 41.Ke5 Kf7 42.Bd4 c5 43.Bxc5 Bc8 44.f4 Bb7 45.Bb4 Bc6
46.e4 Bb7 47.f5 Bc6 48.Kf4 Bb7 49.Be1 Bc6 50.Bg3 Bb7 51.e5 Bc8 52.Ke4 Bb7+ 53.Kd4
Bc8 54.e6+ Bxe6 55.fxe6+ Kxe6 56.Kc5 Kd7 57.Kb6 Kc8 58.Bc7 Kd7 59.Kb7 Ke6 60.Kc6 Ke7
61.Bb6 Ke8 62.Kd6 Kf7 63.Bf2 Ke8 64.Bh4 Kf7 65.Kd7 Kf8 66.Bg5 Kf7 67.Be7 Kg6 68.Ke6
Kg7 69.Bd6 Kg8 70.Kf6 Kh7 71.Kf7 Kh8 72.Be5+ Kh7 73.Bc3 Kh6 74.Kg8 Kg6 75.Bg7 Kf5
76.Kf7 Kg5 77.Bf8 Kf5 78.Bb4 Ke5 79.Ke7 Kf5 80.Bc3 Kg6 81.Bf6 Kh7 82.Kf7 Kh6 83.Kg8
Kg6 84.Bg7 Kf5 85.Kf7 Kg5 86.Bf8 Kf5 87.Bh6 Ke5 88.Ke7 Kd5 89.Kd7 Kc5 90.Be3+ Kd5
91.Bf4 Ke4 92.Bg3 Kf5 93.Bh4 Ke5 94.Be7 Kf5 95.Kd6 Kg6 96.Bd8 Kf7 97.Kd7 Kf8 98.Bh4
Kf7 99.Be7 Kg6 100.Kc6 Kf7 101.Bc5 Ke8 1/2-1/2

[Event "1. Bundesliga 2018/2019"]
[Site "St. Veit an der Glan"]
[Date "2018.11.15"]
[Round "1"]
[Board "3"]
[White "Ganaus, Hannes"]
[Black "Rozentalis, Eduardas"]
[Result "0-1"]
[WhiteElo "2242"]
[BlackElo "2568"]
[PlyCount "88"]
[EventDate "2018.11.15"]
[EventType "team"]
[EventRounds "11"]
[EventCountry "AUT"]
[WhiteTeam "Data Technology Pressbaum"]
[BlackTeam "SK Hohenems"]

1.d4 Nf6 2.c4 e6 3.Nc3 Bb4 4.Bg5 h6 5.Bh4 c5 6.d5 Bxc3+ 7.bxc3 d6 8.e3 Qe7 9.Nf3 Nbd7
10.a4 e5 11.Nd2 Nf8 12.Be2 g5 13.Bg3 Ng6 14.Qc2 h5 15.f3 h4 16.Bf2 e4 17.fxe4 Bg4
18.Bxg4 Nxg4 19.h3 Nxf2 20.Kxf2 Ne5 21.Ke2 O-O-O 22.Raf1 Rhg8 23.Rf5 g4 24.Rh2 Rg6
25.Qd1 Rdg8 26.Qe1 gxh3 27.gxh3 Rg2+ 28.Rf2 R2g3 29.Rf5 Rg1 30.Rf1 R8g2+ 31.Rxg2 Rxg2+
32.Rf2 Qg5 33.Rxg2 Qxg2+ 34.Qf2 Qxh3 35.Qf5+ Qxf5 36.exf5 h3 37.Kf1 Kd7 38.Kg1 Ng4
39.e4 Ke7 40.Nf3 Kf6 41.a5 a6 42.Nh2 Nxh2 43.Kxh2 Ke5 44.Kxh3 f6 0-1

[Event "1. Bundesliga 2018/2019"]
[Site "St. Veit an der Glan"]
[Date "2018.11.15"]
[Round "1"]
[Board "4"]
[White "Schneider, Ilja"]
[Black "Neumeier, Klaus"]
[Result "0-1"]
[WhiteElo "2504"]
[BlackElo "2315"]
[PlyCount "48"]
[EventDate "2018.11.15"]
[EventType "team"]
[EventRounds "11"]
[EventCountry "AUT"]
[WhiteTeam "SK Hohenems"]
[BlackTeam "Data Technology Pressbaum"]

1.d4 Nf6 2.c4 e6 3.Nf3 d5 4.e3 a6 5.a3 c5 6.dxc5 Bxc5 7.b4 Be7 8.Bb2 O-O 9.Nbd2 b6
10.cxd5 Nxd5 11.e4 Bf6 12.Ne5 Nf4 13.Ndc4 Nd7 14.Nxd7 Bxb2 15.Nxf8 Bc3+ 16.Nd2 Qd4
17.Rc1 Qxe4+ 18.Be2 Nxg2+ 19.Kf1 Ne3+ 20.fxe3 Qxh1+ 21.Kf2 Qxh2+ 22.Kf1 e5 23.Bf3
Bxd2 24.Bg2 Bh3 0-1

[Event "1. Bundesliga 2018/2019"]
[Site "St. Veit an der Glan"]
[Date "2018.11.15"]
[Round "1"]
[Board "5"]
[White "Weissenbeck, Manuel"]
[Black "Henrichs, Thomas"]
[Result "1-0"]
[WhiteElo "2271"]
[BlackElo "2443"]
[PlyCount "105"]
[EventDate "2018.11.15"]
[EventType "team"]
[EventRounds "11"]
[EventCountry "AUT"]
[WhiteTeam "Data Technology Pressbaum"]
[BlackTeam "SK Hohenems"]

1.d4 Nf6 2.Nf3 g6 3.c4 Bg7 4.Nc3 O-O 5.e4 d6 6.Be2 e5 7.O-O exd4 8.Nxd4 Re8 9.Bf3
Nbd7 10.Re1 a6 11.Bg5 h6 12.Bh4 Rb8 13.Rc1 Ne5 14.Be2 Nc6 15.Nxc6 bxc6 16.Qc2 g5 17.Bg3
Nd7 18.h3 Nc5 19.Bf3 Ne6 20.b3 Nd4 21.Qd3 c5 22.Nd5 a5 23.Bh5 a4 24.bxa4 Ra8 25.Nc3
Be6 26.Bd1 Nc6 27.Nb5 Ne5 28.Bxe5 Bxe5 29.Nc3 Qf6 30.Nd5 Bxd5 31.exd5 Bb2 32.Bc2 Bxc1
33.Rxc1 Re5 34.g3 Rae8 35.a5 Re2 36.Rf1 R2e5 37.a6 Ra8 38.Rb1 Ree8 39.Ba4 Reb8 40.Rxb8+
Rxb8 41.a7 Ra8 42.Qb1 Rxa7 43.Qb8+ Kg7 44.Qxa7 Qa1+ 45.Kg2 Qxa2 46.Qxc7 Qxa4 47.Qxd6
Qxc4 48.Qe5+ Kg6 49.d6 Qb5 50.Qd5 Qd7 51.g4 Kf6 52.Qf5+ Qxf5 53.gxf5 1-0

[Event "1. Bundesliga 2018/2019"]
[Site "St. Veit an der Glan"]
[Date "2018.11.15"]
[Round "1"]
[Board "6"]
[White "Baenziger, Fabian"]
[Black "Schmidrathner, Christian"]
[Result "0-1"]
[WhiteElo "2349"]
[BlackElo "2088"]
[PlyCount "142"]
[EventDate "2018.11.15"]
[EventType "team"]
[EventRounds "11"]
[EventCountry "AUT"]
[WhiteTeam "SK Hohenems"]
[BlackTeam "Data Technology Pressbaum"]

1.Nf3 Nf6 2.g3 d6 3.d4 Nbd7 4.Bg2 e5 5.c4 Be7 6.O-O O-O 7.Qc2 c6 8.Rd1 e4 9.Nh4 d5
10.Nf5 Bb4 11.a3 Ba5 12.Ne3 Re8 13.Nc3 Bxc3 14.bxc3 Nb6 15.c5 Nbd7 16.c4 Nf8 17.Rb1
Re7 18.a4 Ne6 19.cxd5 cxd5 20.Ba3 Rc7 21.Qd2 Rc6 22.a5 Nc7 23.f3 Qe7 24.Rf1 a6 25.fxe4
Nxe4 26.Qd3 Nf6 27.Rb6 Qd8 28.Bc1 Rxb6 29.axb6 Nce8 30.Nf5 Bd7 31.Bf4 Ne4 32.Bxe4
dxe4 33.Qxe4 Bxf5 34.Qxf5 Qxd4+ 35.e3 Qc4 36.Rd1 Nf6 37.Rd4 Qc1+ 38.Kg2 Qb2+ 39.Kh3
Qf2 40.g4 Re8 41.Bg3 Qxe3 42.Rf4 h6 43.Rf3 Qd4 44.Rf4 Qb2 45.Rf2 Qb5 46.Rf3 Qc6 47.Bh4
Re6 48.Rd3 g6 49.Qf4 g5 50.Bxg5 hxg5 51.Qxg5+ Kf8 52.Qh6+ Ke7 53.Qh8 Qe8 54.Qh4 Qc8
55.Qg5 Qg8 56.Qxg8 Nxg8 57.Rc3 Nf6 58.Ra3 Nd7 59.Ra5 Rc6 60.Kg3 Rxc5 61.Ra3 Re5 62.Rb3
Re6 63.h4 Rxb6 64.Ra3 Rb5 65.h5 Kf6 66.Kh4 Kg7 67.Rd3 Nc5 68.Rd6 Ne6 69.Rd7 Rb3 70.h6+
Kxh6 71.Rxf7 Rh3+ 0-1

[Event "1. Bundesliga 2018/2019"]
[Site "St. Veit an der Glan"]
[Date "2018.11.15"]
[Round "1"]
[Board "1"]
[White "Mons, Leon"]
[Black "Abasov, Nijat"]
[Result "1/2-1/2"]
[WhiteElo "2553"]
[BlackElo "2633"]
[PlyCount "98"]
[EventDate "2018.11.15"]
[EventType "team"]
[EventRounds "11"]
[EventCountry "AUT"]
[WhiteTeam "SIR Salzburg"]
[BlackTeam "SV Raika Rapid Feffernitz"]

1.Nf3 Nf6 2.c4 e6 3.b3 d5 4.Bb2 Be7 5.g3 O-O 6.Bg2 c5 7.O-O Nc6 8.e3 b6 9.Nc3 Ba6
10.Qe2 Qd7 11.Rfd1 Rac8 12.Rac1 Rfd8 13.Nb5 Ne8 14.d4 cxd4 15.exd4 Nd6 16.a4 Bb7 17.Nc3
Na5 18.Ne5 Qe8 19.cxd5 Nxb3 20.Rb1 Bf6 21.Qd3 Na5 22.Ng4 Be7 23.dxe6 fxe6 24.d5 Ndc4
25.Ba1 h5 26.Ne3 Bf6 27.Bh3 Rc6 28.Nxc4 Nxc4 29.Qe2 exd5 30.Qxe8+ Rxe8 31.Bd7 Rd8
32.Bxc6 Bxc6 33.Nb5 d4 34.Bxd4 Bf3 35.Rdc1 Bxd4 36.Rxc4 Bc5 37.Rc3 Rf8 38.Nxa7 Bxf2+
39.Kxf2 Be4+ 40.Ke3 Bxb1 41.Rc8 Bf5 42.Rxf8+ Kxf8 43.Kf4 Bc2 44.Nc8 Bxa4 45.Nxb6 Bc2
46.Kg5 g6 47.Kf6 Kg8 48.Nd5 Kh7 49.Nf4 Kh6 1/2-1/2

[Event "1. Bundesliga 2018/2019"]
[Site "St. Veit an der Glan"]
[Date "2018.11.15"]
[Round "1"]
[Board "2"]
[White "Skoberne, Jure"]
[Black "Durakovic, Alman"]
[Result "1-0"]
[WhiteElo "2567"]
[BlackElo "2283"]
[PlyCount "75"]
[EventDate "2018.11.15"]
[EventType "team"]
[EventRounds "11"]
[EventCountry "AUT"]
[WhiteTeam "SV Raika Rapid Feffernitz"]
[BlackTeam "SIR Salzburg"]

1.Nf3 Nf6 2.g3 b6 3.Bg2 Bb7 4.O-O e6 5.d3 Be7 6.e4 d6 7.Ng5 h6 8.Nh3 e5 9.f4 Nbd7
10.Nc3 c6 11.a4 a6 12.Be3 d5 13.exd5 cxd5 14.fxe5 Nxe5 15.Bd4 Ng6 16.Nf2 O-O 17.Ng4
Nxg4 18.Qxg4 Bc5 19.Bxc5 bxc5 20.Qh5 Rb8 21.Nxd5 Bxd5 22.Bxd5 Rxb2 23.Rf2 Kh7 24.Re1
Qa5 25.Re4 f5 26.Re6 Nh8 27.Rxf5 Rb1+ 28.Kg2 Rbb8 29.Rxf8 Rxf8 30.Bb3 Qd2+ 31.Qe2
Qxe2+ 32.Rxe2 Rf6 33.Re5 Rc6 34.Bd5 Ng6 35.Re8 Rf6 36.Be4 h5 37.Re5 Kh6 38.Rxc5 1-0

[Event "1. Bundesliga 2018/2019"]
[Site "St. Veit an der Glan"]
[Date "2018.11.15"]
[Round "1"]
[Board "3"]
[White "Oberhofer, Cedric"]
[Black "Schreiner, Peter"]
[Result "0-1"]
[WhiteElo "2212"]
[BlackElo "2477"]
[PlyCount "38"]
[EventDate "2018.11.15"]
[EventType "team"]
[EventRounds "11"]
[EventCountry "AUT"]
[WhiteTeam "SIR Salzburg"]
[BlackTeam "SV Raika Rapid Feffernitz"]

1.e4 e5 2.Nf3 Nc6 3.Bb5 a6 4.Ba4 Nf6 5.O-O b5 6.Bb3 Bb7 7.Re1 Be7 8.c3 O-O 9.d3 d5
10.exd5 Nxd5 11.Nxe5 Nxe5 12.Rxe5 Qd6 13.d4 Bf6 14.Re1 Rae8 15.Rxe8 Rxe8 16.Nd2 Nf4
17.Nf3 Bxf3 18.gxf3 Bg5 19.Bxf4 Bxf4 0-1

[Event "1. Bundesliga 2018/2019"]
[Site "St. Veit an der Glan"]
[Date "2018.11.15"]
[Round "1"]
[Board "4"]
[White "Diermair, Andreas"]
[Black "Goldbeck, Lars"]
[Result "1-0"]
[WhiteElo "2482"]
[BlackElo "2213"]
[PlyCount "121"]
[EventDate "2018.11.15"]
[EventType "team"]
[EventRounds "11"]
[EventCountry "AUT"]
[WhiteTeam "SV Raika Rapid Feffernitz"]
[BlackTeam "SIR Salzburg"]

1.c4 c5 2.Nf3 Nc6 3.Nc3 g6 4.e3 Nf6 5.d4 cxd4 6.exd4 d5 7.cxd5 Nxd5 8.Qb3 Nxc3 9.Bc4
Nd5 10.Bxd5 e6 11.Bxc6+ bxc6 12.O-O Qd5 13.Be3 Qxb3 14.axb3 Be7 15.Rfc1 Bb7 16.Ne5
O-O 17.Nxc6 Bxc6 18.Rxc6 a5 19.Rc7 Bb4 20.Rac1 Rfd8 21.Bg5 Re8 22.Bf6 Bf8 23.R1c3
Bg7 24.Bxg7 Kxg7 25.Rf3 Rf8 26.Rd7 Rac8 27.g4 Rc2 28.d5 exd5 29.Rxd5 a4 30.bxa4 Rxb2
31.Rf4 h6 32.Rd7 g5 33.Re4 Kg6 34.h3 Ra2 35.Ra7 h5 36.Kg2 hxg4 37.hxg4 Rd8 38.Ra6+
f6 39.Ree6 Rf8 40.Ra7 Rf7 41.Ra5 Kg7 42.Rea6 Ra3 43.Rf5 Rf8 44.Ra7+ Rf7 45.Rxf7+ Kxf7
46.a5 Ra4 47.f3 Ra2+ 48.Kf1 Ra4 49.Ke2 Rd4 50.Ke3 Rd1 51.Rb5 Ke6 52.Ke4 Ra1 53.Kd4
Ra3 54.Rf5 Ra4+ 55.Kc3 Ke7 56.Kb3 Rd4 57.a6 Rd6 58.Ra5 Rd8 59.a7 Ra8 60.Ra6 Kd7 61.Rxf6 1-0

[Event "1. Bundesliga 2018/2019"]
[Site "St. Veit an der Glan"]
[Date "2018.11.15"]
[Round "1"]
[Board "5"]
[White "Leeb, Simon"]
[Black "Sebenik, Matej"]
[Result "0-1"]
[WhiteElo "2178"]
[BlackElo "2517"]
[PlyCount "74"]
[EventDate "2018.11.15"]
[EventType "team"]
[EventRounds "11"]
[EventCountry "AUT"]
[WhiteTeam "SIR Salzburg"]
[BlackTeam "SV Raika Rapid Feffernitz"]

1.d4 Nf6 2.c4 g6 3.Nc3 Bg7 4.e4 d6 5.Be2 O-O 6.Bg5 Na6 7.Qd2 e5 8.d5 Qe8 9.h4 Nc5
10.Qe3 a5 11.Nh3 c6 12.dxc6 bxc6 13.Rd1 Qe7 14.O-O Ne6 15.Qg3 Nd4 16.h5 h6 17.Bxf6
Qxf6 18.Bg4 Ba6 19.b3 a4 20.Ne2 d5 21.exd5 cxd5 22.Nxd4 exd4 23.Qd3 dxc4 24.bxc4 gxh5
25.Bd7 a3 26.Rc1 Rfd8 27.Bf5 Re8 28.Qf3 Bb7 29.Qf4 Re2 30.Rc2 Qc6 31.Qg3 h4 32.Qg4
h5 33.Qg5 Re5 34.f4 Re3 35.Qxh5 Rg3 36.Rf3 Qxf3 37.Qxf3 Bxf3 0-1

[Event "1. Bundesliga 2018/2019"]
[Site "St. Veit an der Glan"]
[Date "2018.11.15"]
[Round "1"]
[Board "6"]
[White "Kavcic, Zan"]
[Black "Rosner, Gerhard"]
[Result "1-0"]
[WhiteElo "2379"]
[BlackElo "2042"]
[PlyCount "61"]
[EventDate "2018.11.15"]
[EventType "team"]
[EventRounds "11"]
[EventCountry "AUT"]
[WhiteTeam "SV Raika Rapid Feffernitz"]
[BlackTeam "SIR Salzburg"]

1.e4 e5 2.Nf3 d6 3.Bc4 Be7 4.d4 exd4 5.Nxd4 Nf6 6.f3 O-O 7.Nc3 Nc6 8.O-O Na5 9.Be2
d5 10.e5 Ne8 11.f4 c5 12.Nb3 Nxb3 13.axb3 Nc7 14.f5 Bg5 15.f6 Bxc1 16.Qxc1 Re8 17.Qg5
Ne6 18.Qh5 Nf8 19.Rad1 Be6 20.Rf4 Ng6 21.Bd3 Qc7 22.Rh4 h6 23.Bxg6 fxg6 24.Qxg6 Qf7
25.Rxh6 Qxg6 26.Rxg6 Bf5 27.Rxg7+ Kf8 28.Rxd5 Bxc2 29.Nb5 Bxb3 30.Rd3 Rxe5 31.Rh3 1-0

[Event "1. Bundesliga 2018/2019"]
[Site "St. Veit an der Glan"]
[Date "2018.11.15"]
[Round "1"]
[Board "1"]
[White "Menezes, Christoph"]
[Black "Bosiocic, Marin"]
[Result "0-1"]
[WhiteElo "2399"]
[BlackElo "2613"]
[PlyCount "106"]
[EventDate "2018.11.15"]
[EventType "team"]
[EventRounds "11"]
[EventCountry "AUT"]
[WhiteTeam "UNION Ansfelden"]
[BlackTeam "SV Pillenkoenig St. Veit"]

1.Nf3 d5 2.d4 Nf6 3.c4 e6 4.Nc3 a6 5.cxd5 exd5 6.Qb3 Be7 7.Bg5 c6 8.e3 Ra7 9.Bd3 Be6
10.Qc2 Nbd7 11.O-O h6 12.Bf4 O-O 13.h3 Qa8 14.Rac1 Rc8 15.Rfd1 b6 16.Ne5 c5 17.dxc5
bxc5 18.Be2 Nb6 19.Bf3 Rb7 20.a4 a5 21.Rb1 Qa6 22.Be2 c4 23.Nf3 Bd7 24.Be5 g6 25.Nd4
Rc5 26.Bf3 Nh7 27.g4 Ng5 28.Bg2 Kh7 29.Nde2 Ne6 30.Ra1 Rc8 31.Nxd5 Nxd5 32.Bxd5 Ng5
33.Nf4 Bc6 34.Qe2 Rd7 35.h4 Nh3+ 36.Nxh3 Rxd5 37.Rxd5 Bxd5 38.Nf4 Bb7 39.Rd1 Bxh4
40.Rd7 Kg8 41.Nd5 Rd8 42.Ne7+ Bxe7 43.Rxe7 Qc6 44.e4 Rd3 45.Rc7 Qe6 46.Bc3 Bc6 47.f3
Kh7 48.Qf2 Bxe4 49.fxe4 Qxg4+ 50.Kf1 Qh3+ 51.Ke2 Qh5+ 52.Kf1 Qh1+ 53.Ke2 Qd1# 0-1

[Event "1. Bundesliga 2018/2019"]
[Site "St. Veit an der Glan"]
[Date "2018.11.15"]
[Round "1"]
[Board "2"]
[White "Brkic, Ante"]
[Black "Weiss, Christian"]
[Result "1-0"]
[WhiteElo "2560"]
[BlackElo "2373"]
[PlyCount "85"]
[EventDate "2018.11.15"]
[EventType "team"]
[EventRounds "11"]
[EventCountry "AUT"]
[WhiteTeam "SV Pillenkoenig St. Veit"]
[BlackTeam "UNION Ansfelden"]

1.e4 c5 2.Nf3 e6 3.d4 cxd4 4.Nxd4 a6 5.c4 Nf6 6.Nc3 Qc7 7.Be2 b6 8.Be3 Bb7 9.f3 d6
10.O-O Be7 11.Qd2 O-O 12.Rfc1 Nbd7 13.a4 Qb8 14.b4 Rc8 15.Nb3 d5 16.cxd5 Bxb4 17.dxe6
fxe6 18.Nd4 Qd6 19.Rab1 Nf8 20.e5 Bxc3 21.exd6 Bxd2 22.Bxd2 Nd5 23.Bc4 Rc5 24.Bxd5
Rxd5 25.Rxb6 Rxd4 26.Bc3 Rc8 27.Rxb7 e5 28.Rc7 Rc4 29.Bb2 Rxc1+ 30.Bxc1 Rb8 31.Kf2
Rb4 32.Be3 Rb2+ 33.Kg3 Rb3 34.Kf2 Rd3 35.Rc6 a5 36.Ke2 Rd5 37.Rc5 Rxc5 38.Bxc5 Nd7
39.Bf2 Kf7 40.Kd3 Ke6 41.Kc4 Kxd6 42.Kb5 Nf6 43.Bg3 1-0

[Event "1. Bundesliga 2018/2019"]
[Site "St. Veit an der Glan"]
[Date "2018.11.15"]
[Round "1"]
[Board "4"]
[White "Rogic, Davor"]
[Black "Moser, Guenter"]
[Result "1-0"]
[WhiteElo "2499"]
[BlackElo "2306"]
[PlyCount "93"]
[EventDate "2018.11.15"]
[EventType "team"]
[EventRounds "11"]
[EventCountry "AUT"]
[WhiteTeam "SV Pillenkoenig St. Veit"]
[BlackTeam "UNION Ansfelden"]

1.e4 c6 2.d4 d5 3.Nd2 dxe4 4.Nxe4 Bf5 5.Ng3 Bg6 6.Nf3 Nd7 7.Bc4 e6 8.O-O Be7 9.Qe2
Ngf6 10.c3 O-O 11.Nh4 Nd5 12.Nxg6 hxg6 13.Ne4 Qc7 14.Re1 Rae8 15.Bd2 e5 16.Qd3 exd4
17.Qxd4 N7b6 18.Bf1 Rd8 19.Qd3 Nf6 20.Nxf6+ Bxf6 21.Qc2 c5 22.Re4 Qc6 23.Rae1 a6 24.g3
Nd5 25.a3 Nc7 26.Bg2 Qd7 27.Be3 b6 28.Bf4 Nd5 29.Bc1 Nc7 30.h4 Qc8 31.Qe2 Rde8 32.Qc4
Nb5 33.Bf4 Rd8 34.R4e2 Nc7 35.a4 a5 36.Qb3 Qb8 37.Qc4 Qa7 38.Bf3 Ne6 39.Be3 Nc7 40.Bf4
Ne8 41.Qb5 Nc7 42.Qc6 Rc8 43.Re7 Bxe7 44.Rxe7 Rfe8 45.Rxc7 Re1+ 46.Kg2 Rxc7 47.Bxc7 1-0

[Event "1. Bundesliga 2018/2019"]
[Site "St. Veit an der Glan"]
[Date "2018.11.15"]
[Round "1"]
[Board "5"]
[White "Knoll, Hermann"]
[Black "Hoelzl, Franz"]
[Result "1-0"]
[WhiteElo "2348"]
[BlackElo "2295"]
[PlyCount "63"]
[EventDate "2018.11.15"]
[EventType "team"]
[EventRounds "11"]
[EventCountry "AUT"]
[WhiteTeam "UNION Ansfelden"]
[BlackTeam "SV Pillenkoenig St. Veit"]

1.Nf3 d5 2.c4 d4 3.b4 g6 4.g3 Bg7 5.d3 e5 6.Nbd2 b6 7.Bg2 Bb7 8.O-O Ne7 9.a4 O-O 10.a5
Re8 11.b5 a6 12.axb6 cxb6 13.bxa6 Nxa6 14.Nb3 Nf5 15.Ba3 Qc7 16.Nfd2 Bxg2 17.Kxg2
Nd6 18.Qb1 f5 19.Kg1 Nb7 20.Nf3 Nac5 21.Bxc5 bxc5 22.Rxa8 Rxa8 23.Nbd2 Nd6 24.Re1
Re8 25.e4 Rb8 26.Qa2 Rf8 27.exf5 Rxf5 28.Qa8+ Rf8 29.Qd5+ Nf7 30.Ne4 Rc8 31.Nfg5 Bf8
32.Nf6+ 1-0

[Event "1. Bundesliga 2018/2019"]
[Site "St. Veit an der Glan"]
[Date "2018.11.15"]
[Round "1"]
[Board "6"]
[White "Dietmayer-Kraeutler, Marco"]
[Black "Mostbauer, Maximilian"]
[Result "1-0"]
[WhiteElo "2340"]
[BlackElo "2170"]
[PlyCount "81"]
[EventDate "2018.11.15"]
[EventType "team"]
[EventRounds "11"]
[EventCountry "AUT"]
[WhiteTeam "SV Pillenkoenig St. Veit"]
[BlackTeam "UNION Ansfelden"]

1.d4 e6 2.c4 b6 3.Nc3 Bb7 4.e4 Bb4 5.Qc2 f5 6.exf5 Nf6 7.f3 exf5 8.Bd3 g6 9.Nge2 O-O
10.a3 Bxc3+ 11.Qxc3 d5 12.b3 Re8 13.O-O Nbd7 14.Bb2 Nf8 15.c5 c6 16.b4 b5 17.a4 a6
18.Bc1 Ne6 19.Bd2 Qc7 20.g3 Re7 21.Nf4 Rae8 22.Nxe6 Rxe6 23.Bf4 Qf7 24.axb5 axb5 25.Ra7
R6e7 26.Bd6 Rd7 27.Re1 Rxe1+ 28.Qxe1 Ne8 29.Be5 Re7 30.Qc1 Bc8 31.Ra8 Bb7 32.Rb8 Qe6
33.Qg5 Rf7 34.h4 Qe7 35.Qh6 Qf8 36.Qf4 Qe7 37.Kg2 Rf8 38.Qh6 Qf7 39.h5 Ng7 40.hxg6
Qxg6 41.Qxg6 1-0

[Event "1. Bundesliga 2018/2019"]
[Site "St. Veit an der Glan"]
[Date "2018.11.15"]
[Round "1"]
[Board "1"]
[White "Ragger, Markus"]
[Black "Georgiadis, Nico"]
[Result "1/2-1/2"]
[WhiteElo "2687"]
[BlackElo "2526"]
[PlyCount "82"]
[EventDate "2018.11.15"]
[EventType "team"]
[EventRounds "11"]
[EventCountry "AUT"]
[WhiteTeam "SC MPOE Maria Saal"]
[BlackTeam "Schachclub Sparkasse Goetzis"]

1.e4 c5 2.Nf3 d6 3.d4 cxd4 4.Nxd4 Nf6 5.Nc3 g6 6.Be3 Bg7 7.Be2 Nc6 8.Qd2 Ng4 9.Bxg4
Bxg4 10.f3 Be6 11.Nxe6 fxe6 12.Bh6 Bf6 13.Ne2 Qa5 14.Qxa5 Nxa5 15.O-O-O g5 16.f4 gxf4
17.Bxf4 Rg8 18.g3 Nc6 19.Rhf1 Be5 20.Bxe5 Nxe5 21.Nf4 Kd7 22.Nd3 Ng4 23.Rf4 Ke8 24.Rd2
e5 25.Rf3 Nf6 26.Nf2 Kd7 27.Ra3 a6 28.Rb3 b5 29.a4 Rgb8 30.Rb4 Ke6 31.Re2 Nd7 32.Nd3
h5 33.Kd2 Nb6 34.axb5 axb5 35.Rf2 Nc4+ 36.Ke2 Ra2 37.c3 Na5 38.Rf5 Nc6 39.Rb3 Na5
40.Rb4 Nc6 41.Rb3 Na5 1/2-1/2

[Event "1. Bundesliga 2018/2019"]
[Site "St. Veit an der Glan"]
[Date "2018.11.15"]
[Round "1"]
[Board "2"]
[White "Krassowizkij, Jaroslaw"]
[Black "Predojevic, Borki"]
[Result "1/2-1/2"]
[WhiteElo "2460"]
[BlackElo "2621"]
[PlyCount "55"]
[EventDate "2018.11.15"]
[EventType "team"]
[EventRounds "11"]
[EventCountry "AUT"]
[WhiteTeam "Schachclub Sparkasse Goetzis"]
[BlackTeam "SC MPOE Maria Saal"]

1.c4 e5 2.Nc3 d6 3.g3 f5 4.Bg2 Nf6 5.d4 Be7 6.Nf3 e4 7.Ng5 c6 8.d5 Nxd5 9.cxd5 Bxg5
10.Bxg5 Qxg5 11.dxc6 Nxc6 12.Qxd6 Qe7 13.O-O-O Be6 14.Qxe7+ Kxe7 15.f3 exf3 16.exf3
Rhd8 17.f4 Rac8 18.Bxc6 Rxd1+ 19.Rxd1 Rxc6 20.a3 a5 21.Rd4 Bb3 22.Kd2 Rh6 23.h4 Rc6
24.Ke3 Re6+ 25.Kf2 Rc6 26.Ke3 Re6+ 27.Kf2 Rc6 28.Ke3 1/2-1/2

[Event "1. Bundesliga 2018/2019"]
[Site "St. Veit an der Glan"]
[Date "2018.11.15"]
[Round "1"]
[Board "3"]
[White "Buhmann, Rainer"]
[Black "Kvetny, Mark"]
[Result "1-0"]
[WhiteElo "2581"]
[BlackElo "2409"]
[PlyCount "105"]
[EventDate "2018.11.15"]
[EventType "team"]
[EventRounds "11"]
[EventCountry "AUT"]
[WhiteTeam "SC MPOE Maria Saal"]
[BlackTeam "Schachclub Sparkasse Goetzis"]

1.e4 c6 2.Nf3 d5 3.Nc3 Bg4 4.h3 Bxf3 5.Qxf3 e6 6.Be2 Nf6 7.O-O Nbd7 8.d4 dxe4 9.Nxe4
Nxe4 10.Qxe4 Nf6 11.Qd3 Qd5 12.Bf3 Qf5 13.Qxf5 exf5 14.Re1+ Kd7 15.Bg5 Bd6 16.Bxf6
gxf6 17.Be2 Rae8 18.Bd3 Rxe1+ 19.Rxe1 f4 20.Bf5+ Kc7 21.Kf1 h6 22.Bg4 Rd8 23.c3 b6
24.Re4 c5 25.dxc5 bxc5 26.Bh5 Be5 27.Bxf7 Rd2 28.Re2 Rd1+ 29.Re1 Rd2 30.Rb1 f3 31.g3
f5 32.Bh5 f4 33.gxf4 Bxf4 34.Bxf3 a5 35.a4 Rc2 36.Ke1 Rc1+ 37.Rxc1 Bxc1 38.b3 Kd6
39.Bd1 Bf4 40.Ke2 Bg5 41.Kd3 Bh4 42.Ke3 Bg5+ 43.f4 Bh4 44.b4 cxb4 45.cxb4 axb4 46.Ke4
Ke6 47.Bb3+ Kf6 48.a5 Bf2 49.a6 Bg1 50.f5 Bf2 51.Bc2 Bg1 52.Kd5 b3 53.Bb1 1-0

[Event "1. Bundesliga 2018/2019"]
[Site "St. Veit an der Glan"]
[Date "2018.11.15"]
[Round "1"]
[Board "4"]
[White "Kessler, Luca"]
[Black "Kreisl, Robert"]
[Result "1/2-1/2"]
[WhiteElo "2432"]
[BlackElo "2397"]
[PlyCount "113"]
[EventDate "2018.11.15"]
[EventType "team"]
[EventRounds "11"]
[EventCountry "AUT"]
[WhiteTeam "Schachclub Sparkasse Goetzis"]
[BlackTeam "SC MPOE Maria Saal"]

1.g3 g6 2.Bg2 Bg7 3.e4 c5 4.d3 Nc6 5.f4 d6 6.Nf3 e5 7.O-O Nge7 8.Nc3 O-O 9.Kh1 Nd4
10.Be3 Bg4 11.h3 Bxf3 12.Bxf3 Nxf3 13.Qxf3 exf4 14.Bxf4 Qd7 15.g4 b5 16.Rae1 b4 17.Nd1
d5 18.e5 Nc6 19.Qe3 d4 20.e6 Qd5+ 21.Qe4 fxe6 22.Qxd5 exd5 23.Bd6 Rxf1+ 24.Rxf1 Re8
25.Kg2 c4 26.Rf2 Re1 27.Rf1 Re2+ 28.Rf2 Re1 29.Rf1 Re6 30.Bg3 Be5 31.Re1 Kf7 32.Nf2
Bxg3 33.Rxe6 Kxe6 34.Kxg3 Ke5 35.h4 h6 36.Nh3 a5 37.b3 cxd3 38.cxd3 Na7 39.Ng1 Nb5
40.Nf3+ Kf6 41.Kf4 g5+ 42.hxg5+ hxg5+ 43.Nxg5 Nc3 44.Nh7+ Kg7 45.Ng5 Kf6 46.Nh7+ Ke7
47.Ng5 Nxa2 48.Nf3 Nc1 49.Nxd4 Nxd3+ 50.Kf5 Kf7 51.g5 Nc5 52.Ke5 Kg6 53.Kxd5 Nxb3
54.Nxb3 a4 55.Kc4 axb3 56.Kxb3 Kxg5 57.Kxb4 1/2-1/2